Marketing and logistics interface influencing added value diplomová práca

Enregistré dans:
Détails bibliographiques
Auteur principal: Masaryková, Vladimíra
Collectivité auteur: Ekonomická univerzita v Bratislave. Ústav medzinárodných programov
Autres auteurs: Hansenová, Heda
Format: Livre
Langue:anglais
Publié: Bratislava 2013
Tags: Ajouter un tag
Pas de tags, Soyez le premier à ajouter un tag!

MARC

LEADER 00000nbm a2200000 4500
001 0176366
005 20170314110615.7
041 0 |a eng 
044 |a SK 
245 1 0 |a Marketing and logistics interface influencing added value  |b diplomová práca  |c Vladimíra Masaryková ; školiteľ: Heda Hansenová 
264 1 |a Bratislava  |c 2013 
300 |a 99 s. 
100 1 |a Masaryková, Vladimíra 
700 1 |a Hansenová, Heda 
710 2 |a Ekonomická univerzita v Bratislave. Ústav medzinárodných programov